LEADER 02303nam2 22005173i 450 001 VAN0267629 005 20240117034359.632 017 70$2N$a9781468433098 100 $a20231123d1971 |0itac50 ba 101 $aeng 102 $aUS 105 $a|||| ||||| 200 1 $aˆVol. 11: ‰Probability Theory, Mathematical Statistics, and Theoretical Cybernetics$fedited by R. V. Gamkrelidze 210 $aNew York$cPlenum$d1971 215 $aviii, 124 p.$d24 cm 461 1$1001VAN0267579$12001 $aProgress in mathematics$fedited by R. V. Gamkrelidze$1210 $aNew York$cPlenum$d1968-1972$1215 $a13 volumi$d24 cm$v11 606 $a60K25$xQueueing theory (aspects of probability theory) [MSC 2020]$3VANC019944$2MF 606 $a90C15$xStochastic programming [MSC 2020]$3VANC021355$2MF 606 $a00Bxx$xConference proceedings and collections of articles [MSC 2020]$3VANC021742$2MF 610 $aAlgorithms$9KW:K 610 $aComplex Systems$9KW:K 610 $aGeometry$9KW:K 610 $aLinear optimization$9KW:K 610 $aMathematics$9KW:K 610 $aModeling$9KW:K 610 $aNonlinear optimization$9KW:K 610 $aOperations Research$9KW:K 610 $aProgramming$9KW:K 610 $aQueueing Theory$9KW:K 610 $aReview$9KW:K 610 $aStability$9KW:K 610 $aStatistics$9KW:K 620 $aUS$dNew York$3VANL000011 702 1$aGamkrelidze$bRevaz V.$3VANV024644 712 $aPlenum $3VANV108321$4650 790 1$aGamkrelidze, Revaz Valerianovic$zGamkrelidze, Revaz V.$3VANV062309 790 1$aGamkrelidze, R. V.$zGamkrelidze, Revaz V.$3VANV062310 790 1$aGamkrelidze, R.V.$zGamkrelidze, Revaz V.$3VANV062311 801 $aIT$bSOL$c20240119$gRICA 856 4 $uhttps://doi.org/10.1007/978-1-4684-3309-8$zE-book ? Accesso al full-text attraverso riconoscimento IP di Ateneo, proxy e/o Shibboleth 899 $aBIBLIOTECA DEL DIPARTIMENTO DI MATEMATICA E FISICA$1IT-CE0120$2VAN08 912 $fN 912 $aVAN0267629 950 $aBIBLIOTECA DEL DIPARTIMENTO DI MATEMATICA E FISICA$d08CONS e-book 7291 $e08eMF7291 20231127 996 $aProbability Theory, Mathematical Statistics, and Theoretical Cybernetics$9342743 997 $aUNICAMPANIA LEADER 03179nam 2200949z- 450 001 9910743281803321 005 20230911 035 $a(CKB)5690000000228489 035 $a(oapen)doab113966 035 $a(EXLCZ)995690000000228489 100 $a20230920c2023uuuu -u- - 101 0 $aeng 135 $aurmn|---annan 181 $ctxt$2rdacontent 182 $cc$2rdamedia 183 $acr$2rdacarrier 200 00$aChina Water Forum 2022 210 $cMDPI - Multidisciplinary Digital Publishing Institute$d2023 215 $a1 online resource (202 p.) 311 08$a3-0365-8638-5 330 $aWe summarized China's water security status and issues based on the papers published in the Special Issue entitled "China Water Forum 2022". Our summaries and the published papers in this Special Issue are compiled into a reprint to help readers understand current research progresses on this topic. 606 $aEnvironmental economics$2bicssc 606 $aResearch & information: general$2bicssc 610 $aadaptive utilization capacity of water resources 610 $acarbon dioxide emission equivalent (CEE) 610 $acarbon dioxide emission equivalent analysis (CEEA) 610 $acomprehensive co-evolution model 610 $aconnotation 610 $acorrelation analysis 610 $adam construction 610 $adata-driven models 610 $adissolved organic matter 610 $aecological water demand (EWD) 610 $aEEMs-PARAFAC 610 $aequivalent analysis 610 $afreshwater lens 610 $afunction table of carbon dioxide emission equivalent analysis (FT-CEEA) 610 $agated recurrent units 610 $agenetic algorithm 610 $agreen development 610 $agroundwater level prediction 610 $aharmony theory 610 $aHebei Plain 610 $ahierarchy of needs 610 $aHulun Lake 610 $aindex system 610 $aindicator system 610 $ainland river 610 $alake area 610 $aminimum water level 610 $amodel performance 610 $an/a 610 $anumerical simulation 610 $apaleoenvironmental reconstruction 610 $aprecipitation 610 $aproduction flow component 610 $aRHI 610 $arunoff variation 610 $asedimentary grain size 610 $ashared socio-economic pathways 610 $asimulation prediction 610 $asmall coral island 610 $aSonghua River Basin 610 $asupport vector machine 610 $asustainable exploitation 610 $asystem dynamics 610 $asystematic solution 610 $aTarim River Basin 610 $atemperature 610 $aurban agglomeration 610 $aurban streams 610 $awater diversion 610 $awater quality 610 $awater resource behaviors (WRBs) 610 $awater-saving level 610 $aWEP-N model 615 7$aEnvironmental economics 615 7$aResearch & information: general 906 $aBOOK 912 $a9910743281803321 996 $aChina Water Forum 2022$93560336 997 $aUNINA